3rd and 4th International conference of young scientists on solutions of applied problems in control, data processing and data analysis, 2 April, 2012, Köthen, Germany, 25 March, 2013, Köthen, Germany (Запись № 10291319)

Подробности
000 -МАРКЕР
контрольное поле 02494nam0a2200421 4500
001 - ИДЕНТИФИКАТОР ЗАПИСИ
контрольное поле RU\NLR\BIBL_A\010539762
005 - ИДЕНТИФИКАТОР ВЕРСИИ
контрольное поле 20250614064947.0
010 ## - МЕЖДУНАРОДНЫЙ СТАНДАРТНЫЙ НОМЕР КНИГИ (ISBN)
Номер (ISBN) 978-5-398-01062-6
Тираж 30
021 ## - НОМЕР ГОСУДАРСТВЕННОЙ РЕГИСТРАЦИИ
Код страны российская федерация
Номер 2014-71624
Номер Листа государственной регистраци 4388
035 ## - ДРУГИЕ СИСТЕМНЫЕ НОМЕРА
Идентификатор записи (NILC)RuMoRGB-007557780
035 ## - ДРУГИЕ СИСТЕМНЫЕ НОМЕРА
Идентификатор записи (NLR Aleph) 010539762
100 ## - ДАННЫЕ ОБЩЕЙ ОБРАБОТКИ
Данные общей обработки 20141121d2013 |||y0rusy50 ca
101 0# - ЯЗЫК РЕСУРСА
Язык текста, звукозаписи и т.д. английский
Язык резюме русский
102 ## - СТРАНА ПУБЛИКАЦИИ ИЛИ ПРОИЗВОДСТВА
Страна публикации российская федерация
105 ## - ПОЛЕ КОДИРОВАННЫХ ДАННЫХ: ТЕКСТОВЫЕ МАТЕРИАЛЫ, МОНОГРАФИЧЕСКИЕ
Кодированные данные о монографическом текстовом документе a|||z|||1|0yy
200 1# - ЗАГЛАВИЕ И СВЕДЕНИЯ ОБ ОТВЕТСТВЕННОСТИ
Основное заглавие 3rd and 4th International conference of young scientists on solutions of applied problems in control, data processing and data analysis, 2 April, 2012, Köthen, Germany, 25 March, 2013, Köthen, Germany
Сведения, относящиеся к заглавию [reports
Первые сведения об ответственности ed. board: Prof., Dr. Ursula Fissgus, Prof. Dr. Alexander Kostygov et al.]
210 ## - ПУБЛИКАЦИЯ, РАСПРОСТРАНЕНИЕ И ДР.
Место издания, распространения и т.д. Perm
Имя издателя, распространителя и т. д. Perm nat. research polytechn. univ.
Дата издания, распространения и т.д. 2013
215 ## - ФИЗИЧЕСКАЯ ХАРАКТЕРИСТИКА
Специфическое обозначение материала и объем 122 с.
Другие сведения о физической характеристике ил.
Размеры 25
300 ## - ОБЩИЕ ПРИМЕЧАНИЯ
Текст примечания В надзаг.: Perm nat. research polytechn. univ. (Perm, Russia), Anhalt univ. of appl. sciences (Köthen, Germany)
300 ## - ОБЩИЕ ПРИМЕЧАНИЯ
Текст примечания Рез. на рус. яз
320 ## - ПРИМЕЧАНИЯ О НАЛИЧИИ В ДОКУМЕНТЕ БИБЛИОГРАФИИ / УКАЗАТЕЛЯ
Текст примечания Библиогр. в конце докл.
541 1# - ПЕРЕВОД ЗАГЛАВИЯ, СДЕЛАННЫЙ КАТАЛОГИЗАТОРОМ
Заглавие Труды 3-й и 4-й Международных конференций молодых ученых по решению прикладных задач управления и связи, обработки информации и анализа данных
606 ## - НАИМЕНОВАНИЕ ТЕМЫ КАК ПРЕДМЕТ
Наименование темы САУ
Формальный подзаголовок Съезды, совещания и т.п.
Системный номер авторитетной/нормативной записи 2150933
Идентификатор авторитетной/нормативной записи RU\NLR\AUTH\661295346
606 ## - НАИМЕНОВАНИЕ ТЕМЫ КАК ПРЕДМЕТ
Наименование темы Информация
Формальный подзаголовок Съезды, совещания и т.п.
Тематический подзаголовок Автоматическая обработка
Системный номер авторитетной/нормативной записи 2376922
Идентификатор авторитетной/нормативной записи RU\NLR\AUTH\661418377
606 ## - НАИМЕНОВАНИЕ ТЕМЫ КАК ПРЕДМЕТ
Наименование темы Анализ данных
Формальный подзаголовок Съезды, совещания и т.п.
Системный номер авторитетной/нормативной записи 2244810
Идентификатор авторитетной/нормативной записи RU\NLR\AUTH\661346787
686 1# - ИНДЕКСЫ ДРУГИХ КЛАССИФИКАЦИЙ
Индекс З965я431
686 1# - ИНДЕКСЫ ДРУГИХ КЛАССИФИКАЦИЙ
Индекс З973.233-018я431
702 #1 - ИМЯ ЛИЦА - ВТОРИЧНАЯ ОТВЕТСТВЕННОСТЬ
Начальный элемент ввода Fissgus
Часть имени, кроме начального элемента ввода U.
Расширение инициалов личного имени Ursula
Код отношения Редактор
702 #1 - ИМЯ ЛИЦА - ВТОРИЧНАЯ ОТВЕТСТВЕННОСТЬ
Начальный элемент ввода Kostygov
Часть имени, кроме начального элемента ввода A.M.
Расширение инициалов личного имени Aleksandr Michajlovič
Код отношения Редактор
710 12 - НАИМЕНОВАНИЕ ОРГАНИЗАЦИИ - ПЕРВИЧНАЯ ОТВЕТСТВЕННОСТЬ
Графика поля Латинская
Материалы, к которым относится поле eng
Начальный элемент ввода International conference of young scientists on solutions of applied problems in control, data processing and data analysis
Порядковый номер временной организации и / или порядковый номер ее части 3
Место проведения временной организации Koethen
Дата проведения временной организации 2012
Системный номер авторитетной/нормативной записи 438198
Идентификатор авторитетной/нормативной записи RU\NLR\AUTH\880386030
711 12 - НАИМЕНОВАНИЕ ОРГАНИЗАЦИИ - АЛЬТЕРНАТИВНАЯ ОТВЕТСТВЕННОСТЬ
Графика поля Латинская
Материалы, к которым относится поле eng
Начальный элемент ввода International conference of young scientists on solutions of applied problems in control, data processing and data analysis
Порядковый номер временной организации и / или порядковый номер ее части 4
Место проведения временной организации Koethen
Дата проведения временной организации 2013
Системный номер авторитетной/нормативной записи 438228
Идентификатор авторитетной/нормативной записи RU\NLR\AUTH\880386045
801 #0 - ИСТОЧНИК ЗАПИСИ
Страна российская федерация
Организация РГБ
Дата составления 20140924
Правила каталогизации RCR
801 #1 - ИСТОЧНИК ЗАПИСИ
Страна российская федерация
Организация РГБ
Дата составления 20140924
Источник данных rusmarc
942 ## - ДОПОЛНИТЕЛЬНЫЕ ЭЛЕМЕНТЫ ЗАПИСИ (АБИС)
Тип экземпляра АБИС Книга
980 ## - КОЛЛЕКЦИЯ
Название коллекции Национальная библиография
Экземпляры
Тип экземпляра Дата поступления Источник поступления Стоимость Библиотека постоянного хранения Библиотека текущего хранения Место хранения Шифр хранения Штрих-код Статус не для выдачи
Книга 21.11.2014 Обязательный экземпляр 0.00 РНБ (Московский) РНБ (Московский) Иностранный книжный фонд Ик 2014-7/2345 1-753378